| 000 | 00357nam a22001577a 4500 | ||
|---|---|---|---|
| 005 | 20160623122138.0 | ||
| 008 | 160623b xxu||||| |||| 00| 0 eng d | ||
| 020 | _a007-124476-X | ||
| 041 | _aeng | ||
| 082 | _b9379 | ||
| 245 | _aData Base System Concepts | ||
| 260 |
_bTMH _c2006 |
||
| 300 | _a1100 | ||
| 650 |
_ainformation Technology _9137 |
||
| 942 | _cBK | ||
| 999 |
_c3687 _d3686 |
||